000 00521nam a22001577a 4500
005 20260108094322.0
008 260108b |||||||| |||| 00| 0 eng d
020 _a978-1-119-88305-0
100 _aMINELLA, JENNIFER
245 _aWIRELES S SECURITY ARCHITECTURE
_bDESIGNING AND MAINTAINING SECURE WIRELESS FOR ENTERPRISES
260 _aHOBOKEN, NEW JERSEY
_bWILEY
_c2022
300 _aXXXIX, 584P.
500 _aINCLUDES INDEX
650 _a1. WIRELESS LANS - SECURITY MEASURES 2. COMPUTER NETWORKS
942 _2lcc
_cBK
999 _c216426
_d216426